000 00886nam a22003017a 4500
001 0026401
003 KOHA_MİRAKIL
005 20260207002527.0
007 ta
008 101213b2009 tu |||gr||||#||||0|tur |
020 _a9789755111263
040 _aTR-BiSEU
_btur
_cTR-BiSEU
_erda
041 0 _atur
044 _ctu
050 _aTH438
_b.P36 2009
100 1 _aPancarcı, Ali.
245 1 _aYapı işletmesi ve maloluş hesapları/
_cAli Pancarcı ; Ali Pancarcı, M. Emin Öcal.
264 1 _aİstanbul :
_bBirsen
_c2009
300 _a568 sayfa; 24 cm.
336 _ametin
_btxt
_2rdacontent
337 _aaracısız
_bn
_2rdamedia
338 _acilt
_bnc
_2rdacarrier
500 _aKaynakça var.
650 0 _aYapı endüstrisi--Maliyet.
_952476
650 0 _aİnşaat mühendisliği.
_91480
650 0 _aYapı endüstrisi--Yönetim.
_935861
942 _2lcc
_cBK
999 _c26345
_d26345